[Event "Reykjavik Open 2016"]
[Site "Reykjavik ISL"]
[Date "2016.03.09"]
[Round "3.15"]
[White "Johannsson, Orn Leo"]
[Black "Danielsen, Henrik"]
[Result "0-1"]
[BlackTitle "GM"]
[WhiteElo "2194"]
[BlackElo "2488"]
[WhiteFideId "2303051"]
[BlackFideId "1400185"]
[EventDate "2016.03.08"]

1. d4 d6 2. Nf3 Nf6 3. e3 g6 4. Be2 Bg7 5. O-O O-O 6. b3 c6 7. Bb2 Bg4 8. c4
Nbd7 9. Nc3 Re8 10. Qc2 e5 11. dxe5 dxe5 12. Rfd1 Qc7 13. h3 Bxf3 14. Bxf3 Rad8
15. Rd2 Nc5 16. Rad1 a5 17. Ba3 Bf8 18. g3 Ne6 19. Bxf8 Kxf8 20. Bg2 Rxd2 21.
Rxd2 Rd8 22. Kf1 Nc5 23. Qd1 Rxd2 24. Qxd2 Ke7 25. Ke2 Qb6 26. Qb2 Nfd7 27. Nb1
f6 28. Nd2 Na6 29. f4 Nac5 30. h4 Qc7 31. Qc3 f5 32. a3 Qd6 33. b4 axb4 34. axb4
Na6 35. c5 Qf6 36. Qa3 Qe6 37. Kf2 exf4 38. gxf4 Nf6 39. Bf3 h5 40. Be2 Ng4+ 41.
Bxg4 hxg4 42. Qc3 Qf6 43. Qb3 Qxh4+ 44. Ke2 Qh2+ 45. Ke1 Qh8 46. Nc4 Nc7 47. Ne5
Qh1+ 48. Ke2 Qg2+ 49. Ke1 Qg3+ 50. Kf1 Nd5 51. b5 Nxe3+ 52. Ke2 Qg2+ 53. Ke1
Qf1+ 54. Kd2 Qf2+ 55. Kd3 Nd5 56. bxc6 Nxf4+ 57. Kc4 Qe2+ 58. Kb4 Qxe5 59. cxb7
Ne6 60. Qc4 Qb2+ 0-1

[Event "Reykjavik Open 2016"]
[Site "Reykjavik ISL"]
[Date "2016.03.09"]
[Round "3.16"]
[White "Andersen, Mads"]
[Black "Papp, Petra"]
[Result "1/2-1/2"]
[WhiteTitle "IM"]
[BlackTitle "WGM"]
[WhiteElo "2479"]
[BlackElo "2325"]
[WhiteFideId "1413864"]
[BlackFideId "739049"]
[EventDate "2016.03.08"]

1. d4 Nf6 2. c4 g6 3. Nc3 d5 4. cxd5 Nxd5 5. e4 Nxc3 6. bxc3 Bg7 7. Qa4+ Nd7 8.
Nf3 c5 9. Be2 O-O 10. O-O a6 11. Qa3 b6 12. Be3 Bb7 13. e5 e6 14. Qc1 b5 15. Bh6
Rc8 16. Qd2 Nb6 17. Rfd1 Qe7 18. Rac1 Nd5 19. Bxg7 Kxg7 20. Ng5 cxd4 21. cxd4
Qb4 22. Qxb4 Nxb4 23. a4 Na2 24. Rc5 Nc3 25. Rxc3 Rxc3 26. axb5 a5 27. Bf3 Bxf3
28. gxf3 a4 29. Ne4 Rxf3 30. Nc5 Rb8 31. Nxa4 Rxb5 32. Rd2 Rd5 33. Nb6 Rd8 34.
Nc4 Rb3 35. Nd6 Rb4 36. Kg2 Kf8 37. Rd3 Ke7 38. Rf3 f5 39. Rh3 h5 40. Rd3 Rxd6
41. exd6+ Kxd6 42. Rg3 Rxd4 43. h3 Ke7 44. Rxg6 Kf7 45. Rh6 h4 46. Rh7+ Kg6 47.
Rh8 Re4 48. Rg8+ Kf7 49. Rh8 Kg7 50. Rh5 Ra4 51. Kf3 Kg6 52. Rh8 e5 53. Kg2 Kf6
54. Rf8+ Kg6 55. Rh8 Rb4 56. Rg8+ Kf7 57. Rh8 Kg7 58. Rh5 Rf4 59. Rg5+ Kh6 60.
Rg8 Rc4 61. Rh8+ Kg7 62. Rh5 Kg6 63. Rh8 Ra4 64. Rg8+ Kf6 65. Rf8+ Ke6 66. Rh8
Rc4 67. Rh5 Rf4 68. Rh6+ Kd5 69. Rh8 Ra4 70. Rh5 Rf4 71. Rh8 Kc4 72. Ra8 Rd4 73.
Ra5 1/2-1/2

[Event "Reykjavik Open 2016"]
[Site "Reykjavik ISL"]
[Date "2016.03.09"]
[Round "3.17"]
[White "Paehtz, Elisabeth"]
[Black "Sigfusson, Sigurdur"]
[Result "1-0"]
[WhiteTitle "IM"]
[BlackTitle "FM"]
[WhiteElo "2474"]
[BlackElo "2299"]
[WhiteFideId "4641833"]
[BlackFideId "2300168"]
[EventDate "2016.03.08"]

1. c4 Nf6 2. Nc3 c5 3. Nf3 g6 4. d4 cxd4 5. Nxd4 Bg7 6. e4 d6 7. Be2 O-O 8. Be3
Nbd7 9. O-O Ne5 10. f3 Bd7 11. Qd2 Re8 12. Rfc1 a6 13. Kh1 Rc8 14. b3 e6 15. Rd1
Qc7 16. Rac1 Red8 17. Bg5 Be8 18. Qf4 Ned7 19. Qh4 Qa5 20. f4 e5 21. fxe5 Qxe5
22. Nf3 Qe6 23. Nd5 h6 24. Bxh6 Bxh6 25. Qxh6 Nxe4 26. Rf1 Ndf6 27. Ng5 Qe5 28.
Nxf6+ Nxf6 29. Rce1 Rc5 30. h4 Qg3 31. Bf3 Bc6 32. Re7 Bxf3 33. Rxf3 Qh2+ 34.
Kxh2 Ng4+ 35. Kh3 Nxh6 36. Nxf7 Nxf7 37. Rfxf7 b5 38. Rg7+ Kf8 39. Ref7+ Ke8 40.
Ra7 Kf8 41. Rxg6 bxc4 42. bxc4 Rxc4 43. h5 1-0

[Event "Reykjavik Open 2016"]
[Site "Reykjavik ISL"]
[Date "2016.03.09"]
[Round "3.18"]
[White "Finsterwalder, Sebastian"]
[Black "Lampert, Jonas"]
[Result "0-1"]
[BlackTitle "IM"]
[WhiteElo "2095"]
[BlackElo "2472"]
[WhiteFideId "24632090"]
[BlackFideId "1303759"]
[EventDate "2016.03.08"]

1. d4 d5 2. c4 c6 3. Nf3 Nf6 4. e3 Bg4 5. Nc3 e6 6. Qb3 Qb6 7. Nh4 Bh5 8. h3
Qxb3 9. axb3 Na6 10. c5 Nb4 11. Ra4 a5 12. g4 Bg6 13. Nxg6 hxg6 14. Bd2 Nd7 15.
Kd1 b6 16. cxb6 Nxb6 17. Ra1 Be7 18. Ke2 O-O 19. Bg2 Nd7 20. Rhc1 c5 21. Na4
cxd4 22. exd4 Rfc8 23. Rxc8+ Rxc8 24. Bc3 g5 25. Bf1 Nc6 26. Kd2 Bf6 27. Nc5
Nxd4 28. Bxd4 Nxc5 29. Bxc5 Rxc5 30. Rc1 Rxc1 31. Kxc1 Kf8 32. Kc2 Ke7 33. Bb5
Bd4 34. f3 Kd6 35. Be8 f5 36. Bf7 f4 37. Bg6 Kc5 38. Bh7 Bf6 39. Kd3 Bxb2 40.
Bg8 Kd6 41. Bf7 Bf6 42. Bg8 e5 43. Bf7 Kc5 44. Be6 e4+ 45. fxe4 d4 46. e5 Bxe5
47. Bf5 f3 48. Kc2 Kd5 49. Kd3 f2 50. Ke2 Kc5 51. Kxf2 Kb4 52. Be6 Kc3 53. Ke2
Kc2 54. Bc4 Bf6 0-1

[Event "Reykjavik Open 2016"]
[Site "Reykjavik ISL"]
[Date "2016.03.09"]
[Round "3.19"]
[White "Petrov, Nikita"]
[Black "Lien, Kjell Hakon"]
[Result "1-0"]
[WhiteTitle "IM"]
[WhiteElo "2464"]
[BlackElo "2083"]
[WhiteFideId "4101286"]
[BlackFideId "1510444"]
[EventDate "2016.03.08"]

1. Nf3 d5 2. g3 Bg4 3. Bg2 Nd7 4. c4 e6 5. Qb3 Nc5 6. Qe3 c6 7. d4 Nd7 8. cxd5
cxd5 9. Qb3 Bxf3 10. Bxf3 Qb6 11. Nc3 Ngf6 12. O-O Qxb3 13. axb3 a6 14. e4 dxe4
15. Nxe4 Nd5 16. Nc3 N7b6 17. Nxd5 Nxd5 18. Bxd5 exd5 19. Bf4 Kd7 20. Ra5 b5 21.
Rfa1 Be7 22. Rxa6 Rxa6 23. Rxa6 b4 24. Ra7+ Ke6 25. Rb7 Rc8 26. Bd2 Rc2 27. Bxb4
Bxb4 28. Rxb4 Rxb2 29. Kg2 h5 30. Kf3 g6 31. Ke3 Rb1 32. h4 Re1+ 33. Kd2 Rf1 34.
Ke2 Rb1 35. Rb7 Rb2+ 36. Ke3 Rb1 37. Kf4 Re1 38. f3 Rd1 39. Rb6+ Ke7 40. Ke5 Rd3
41. Rb7+ Ke8 42. f4 Rxg3 43. b4 Rg4 44. b5 Rxh4 45. b6 f6+ 46. Kd6 Rh1 47. Rh7
Rb1 48. b7 1-0

[Event "Reykjavik Open 2016"]
[Site "Reykjavik ISL"]
[Date "2016.03.09"]
[Round "3.20"]
[White "Beliavsky, Alexander G"]
[Black "Wahlbom, Magnus"]
[Result "1-0"]
[WhiteTitle "GM"]
[WhiteElo "2630"]
[BlackElo "2229"]
[WhiteFideId "14602377"]
[BlackFideId "1700685"]
[EventDate "2016.03.08"]

1. Nf3 Nf6 2. c4 g6 3. Nc3 d5 4. cxd5 Nxd5 5. e4 Nxc3 6. bxc3 Bg7 7. Qa4+ Nd7 8.
Be2 O-O 9. d4 c5 10. O-O Qc7 11. Bg5 Nf6 12. d5 Bg4 13. Rad1 Bxf3 14. Bxf3 Qe5
15. Bh4 b5 16. Qxb5 Nxe4 17. Rde1 f5 18. Bxe4 fxe4 19. c4 Rac8 20. Qb1 1-0

[Event "Reykjavik Open 2016"]
[Site "Reykjavik ISL"]
[Date "2016.03.09"]
[Round "3.21"]
[White "Haessel, Dale R."]
[Black "Stefansson, Hannes"]
[Result "0-1"]
[WhiteTitle "FM"]
[BlackTitle "GM"]
[WhiteElo "2212"]
[BlackElo "2600"]
[WhiteFideId "2012618"]
[BlackFideId "2300087"]
[EventDate "2016.03.08"]

1. d4 Nf6 2. c4 e6 3. Nf3 b6 4. a3 Bb7 5. Nc3 g6 6. d5 Bg7 7. g3 O-O 8. Bg2 Na6
9. O-O Nc5 10. Bf4 d6 11. Ne1 a5 12. Nd3 exd5 13. cxd5 Nfd7 14. Rc1 Ba6 15. b4
Nxd3 16. exd3 axb4 17. axb4 Ne5 18. b5 Bb7 19. Qc2 Ra5 20. d4 Ng4 21. Ne2 Rxb5
22. Qxc7 Bxd5 23. Bxd6 Bxg2 24. Kxg2 Qe8 25. Qc2 Qa8+ 26. Qc6 Qxc6+ 27. Rxc6 Re8
28. Rfc1 Rf5 29. Nf4 h5 30. h3 Nxf2 31. Kxf2 g5 32. Rd1 gxf4 33. Bxf4 Rd8 34.
Ke3 Rfd5 35. Rc4 b5 36. Rb4 Bf8 37. Rb3 b4 38. g4 f6 39. Ke4 Kf7 40. gxh5 Rxh5
41. d5 Re8+ 42. Kd4 Rxd5+ 43. Kxd5 Rd8+ 44. Kc4 Rxd1 45. Rf3 Be7 46. Bg5 Rb1 47.
Bd2 Rb2 48. Rd3 f5 49. h4 Kg6 50. Rd5 Rc2+ 51. Kb3 Rc5 52. Rd7 Re5 53. Bf4 Re4
54. Bd6 Bxd6 55. Rxd6+ Kh5 56. Rf6 f4 0-1

[Event "Reykjavik Open 2016"]
[Site "Reykjavik ISL"]
[Date "2016.03.09"]
[Round "3.22"]
[White "Dougherty, Michael"]
[Black "Marin, Mihail"]
[Result "0-1"]
[WhiteTitle "FM"]
[BlackTitle "GM"]
[WhiteElo "2169"]
[BlackElo "2597"]
[WhiteFideId "2601559"]
[BlackFideId "1200020"]
[EventDate "2016.03.08"]

1. d4 Nf6 2. c4 g6 3. Nc3 Bg7 4. e4 d6 5. Nf3 O-O 6. Be2 e5 7. O-O Na6 8. Be3 c6
9. d5 Ng4 10. Bg5 f6 11. Bh4 c5 12. Nd2 Nh6 13. f3 Nf7 14. Bd3 Bh6 15. Qe2 Kg7
16. a3 Qe8 17. g4 Bf4 18. Kh1 Rh8 19. Rg1 h5 20. Bg3 Rh6 21. Nf1 Bd7 22. Ne3 Qe7
23. gxh5 g5 24. Ng4 Rxh5 25. Bxf4 exf4 26. e5 Nxe5 27. Nxe5 dxe5 28. d6 Qf7 29.
Be4 Be6 30. b3 Rah8 31. Rg2 Nb8 32. Rd1 b6 33. Nb5 Qd7 34. Qd3 Bh3 35. Re2 a6
36. Nc7 Nc6 37. Bxc6 Qxc6 38. Nd5 R5h6 39. Ne7 Qd7 40. Rg1 Qe6 41. b4 Rd8 42.
Rd2 Rd7 43. Rgd1 Kf7 44. bxc5 bxc5 45. Qe4 f5 46. Qa8 Kg7 47. Rd5 Rh8 48. Qc6
Rxe7 49. Qxc5 Rd7 50. Rxe5 Qh6 51. Re2 Rhd8 52. Qe5+ Qf6 53. c5 Qxe5 54. Rxe5
Kf6 55. Rde1 g4 56. fxg4 Bxg4 57. h4 Bf3+ 0-1

[Event "Reykjavik Open 2016"]
[Site "Reykjavik ISL"]
[Date "2016.03.09"]
[Round "3.23"]
[White "Grigoriants, Sergey"]
[Black "Bopp, Thomas"]
[Result "1-0"]
[WhiteTitle "GM"]
[WhiteElo "2587"]
[BlackElo "2166"]
[WhiteFideId "4130804"]
[BlackFideId "4656113"]
[EventDate "2016.03.08"]

1. e4 c5 2. Nf3 e6 3. d4 cxd4 4. Nxd4 Nc6 5. Nc3 Qc7 6. Be3 a6 7. a3 Nf6 8. f4
Nxd4 9. Qxd4 Ng4 10. Bc1 Qc5 11. Qd2 Be7 12. Bd3 Nxh2 13. Qe2 Bh4+ 14. Kd1 Bg3
15. Be3 Qe7 16. Qh5 g5 17. fxg5 Qd6 18. Bg1 Nf1 19. Ke2 1-0

[Event "Reykjavik Open 2016"]
[Site "Reykjavik ISL"]
[Date "2016.03.09"]
[Round "3.24"]
[White "Ly, Moulthun"]
[Black "Sigeman, Johan"]
[Result "1/2-1/2"]
[WhiteTitle "IM"]
[WhiteElo "2500"]
[BlackElo "2164"]
[WhiteFideId "3204405"]
[BlackFideId "1705601"]
[EventDate "2016.03.08"]

1. c4 e5 2. Nc3 Nc6 3. g3 g6 4. Bg2 Bg7 5. d3 f5 6. Nf3 Nf6 7. O-O O-O 8. Rb1 d6
9. b4 h6 10. b5 Ne7 11. a4 Be6 12. a5 Rb8 13. Ba3 Nd7 14. Nd2 e4 15. Nd5 exd3
16. exd3 Nxd5 17. cxd5 Bf7 18. Nc4 b6 19. axb6 axb6 20. Ne3 Ra8 21. Bb2 Bxb2 22.
Rxb2 Qf6 23. d4 Ra7 24. Rc2 Qd8 25. Qd2 Nf6 26. Rfc1 Be8 27. Qd3 Bd7 28. Rc3 Ne8
29. Bf1 Qf6 30. Qd2 Ra5 31. Ng2 g5 32. Re1 Ra4 33. Rd1 Rf7 34. Re3 f4 35. gxf4
gxf4 36. Rf3 Qg5 37. Rxf4 Rxf4 38. Qxf4 Qxf4 39. Nxf4 Rb4 40. Rd3 Bxb5 41. Rg3+
Kf7 42. Bxb5 Rxb5 43. Rh3 Kg7 44. Ne6+ Kf7 45. Rf3+ Ke7 46. Nf4 Nf6 47. Ng6+ Kf7
48. Nf4 Ke7 49. Ng6+ 1/2-1/2

[Event "Reykjavik Open 2016"]
[Site "Reykjavik ISL"]
[Date "2016.03.09"]
[Round "3.25"]
[White "Kristjansson, Stefan"]
[Black "Christensen, Janus"]
[Result "1-0"]
[WhiteTitle "GM"]
[WhiteElo "2478"]
[BlackElo "2136"]
[WhiteFideId "2301172"]
[BlackFideId "1408402"]
[EventDate "2016.03.08"]

1. e4 e5 2. Nf3 Nc6 3. Bc4 Nf6 4. d3 Bc5 5. c3 d6 6. O-O a6 7. Bb3 Bg4 8. h3 Bh5
9. Be3 h6 10. Nbd2 g5 11. Re1 g4 12. hxg4 Bxg4 13. Nf1 Qe7 14. N1h2 Bxe3 15.
Rxe3 O-O-O 16. d4 Rhg8 17. Ba4 Na5 18. Qf1 b5 19. Bb3 Rg7 20. c4 Bxf3 21. Nxf3
Ng4 22. Ree1 exd4 23. cxb5 Rdg8 24. b6 Kb7 25. bxc7 Ne5 26. Bd5+ Kxc7 27. Qxa6
Nxf3+ 28. Kf1 Nd2+ 29. Ke2 Ndc4 30. Rac1 Kd7 31. Qb5+ Kd8 32. Bxc4 Qe5 33. Qxe5
dxe5 34. Bd5 Rxg2 35. Rc5 R8g3 36. Rf1 Re3+ 37. Kd1 Rd3+ 38. Ke1 1-0

[Event "Reykjavik Open 2016"]
[Site "Reykjavik ISL"]
[Date "2016.03.09"]
[Round "3.26"]
[White "Lobersli, Henrik Oie"]
[Black "Kjartansson, Gudmundur"]
[Result "0-1"]
[BlackTitle "IM"]
[WhiteElo "2134"]
[BlackElo "2446"]
[WhiteFideId "1511947"]
[BlackFideId "2301318"]
[EventDate "2016.03.08"]

1. e4 d6 2. d4 Nf6 3. Nc3 g6 4. f4 Bg7 5. Nf3 O-O 6. e5 dxe5 7. fxe5 Nd5 8. Bc4
Be6 9. Bb3 c6 10. Ne4 Nc7 11. c4 Nd7 12. O-O c5 13. Nxc5 Nxc5 14. dxc5 Na6 15.
Be3 Qc7 16. Qe2 Nxc5 17. Bd4 Rad8 18. Qe3 b6 19. Kh1 Bc8 20. Bc3 Ne6 21. Rac1
Bb7 22. a3 Qc5 23. Qxc5 Nxc5 24. Bc2 Nd3 25. Bxd3 Rxd3 26. Kg1 Bh6 27. Rcd1 Be3+
28. Kh1 Rfd8 29. Rxd3 Rxd3 30. Bb4 Kf8 31. h3 Ke8 32. Ne1 Rd1 33. Kh2 Bd4 34. e6
f6 35. Bc3 Bxc3 36. bxc3 Ba6 0-1

[Event "Reykjavik Open 2016"]
[Site "Reykjavik ISL"]
[Date "2016.03.09"]
[Round "3.27"]
[White "Sarkar, Justin"]
[Black "Amos, Frank"]
[Result "1-0"]
[WhiteTitle "IM"]
[WhiteElo "2426"]
[BlackElo "2101"]
[WhiteFideId "2010011"]
[BlackFideId "4635442"]
[EventDate "2016.03.08"]

1. d4 g6 2. e4 Bg7 3. Nc3 d6 4. Be3 e5 5. dxe5 Bxe5 6. Qd2 Bg7 7. Bg5 f6 8. Be3
Be6 9. Nge2 a6 10. h4 h5 11. Nd4 Bf7 12. g3 Nc6 13. Nxc6 bxc6 14. Bh3 Qb8 15.
O-O-O Qb7 16. Ne2 c5 17. Nf4 Rb8 18. b3 Ne7 19. Ne6 Bxe6 20. Bxe6 Qb4 21. c3
Qa3+ 22. Qb2 Qxb2+ 23. Kxb2 Nc6 24. f4 Ke7 25. Bc4 a5 26. a4 Nd8 27. Rhg1 f5 28.
e5 Nb7 29. Rge1 dxe5 30. fxe5 Bh6 31. e6 Bxe3 32. Rd7+ Ke8 33. Rxe3 Nd6 34. Bd5
c4 35. Bc6 Kf8 36. e7+ 1-0

[Event "Reykjavik Open 2016"]
[Site "Reykjavik ISL"]
[Date "2016.03.09"]
[Round "3.28"]
[White "Korley, Kassa"]
[Black "Thorhallsson, Gylfi"]
[Result "1-0"]
[WhiteTitle "IM"]
[WhiteElo "2412"]
[BlackElo "2089"]
[WhiteFideId "2033801"]
[BlackFideId "2300800"]
[EventDate "2016.03.08"]

1. d4 Nf6 2. Nf3 e6 3. c4 b6 4. e3 Bb7 5. Be2 Be7 6. O-O d6 7. Nc3 Nbd7 8. d5 e5
9. e4 Nf8 10. Nh4 Ng6 11. Nf5 O-O 12. g3 Bc8 13. Re1 Ne8 14. h4 Bf6 15. Bg4 Kh8
16. Kg2 Ne7 17. Rh1 Nxf5 18. exf5 g6 19. fxg6 fxg6 20. h5 g5 21. h6 Bxg4 22.
Qxg4 Qc8 23. Qxc8 Rxc8 24. Ne4 c6 25. dxc6 Rxc6 26. b3 Rg8 27. Be3 Rg6 28. a4
Kg8 29. a5 bxa5 30. Rxa5 a6 31. Nxf6+ Rxf6 32. Bxg5 Rf7 33. Rha1 Nc7 34. Be3 Rf8
35. R5a3 Kf7 36. Kf3 Ke6+ 37. Ke4 Ra8 38. f4 exf4 39. gxf4 Rg8 40. f5+ Ke7 41.
Rg1 Rxg1 42. Bxg1 Ne8 43. Bd4 Nf6+ 44. Kf4 Ne8 45. Ra1 Kf7 46. Ra4 Ke7 47. Rb4
Kd7 48. Rb8 d5 49. cxd5 Rxh6 50. Rb7+ Kc8 51. Re7 Nc7 52. Ke5 Rh2 53. Be3 Re2
54. Kd4 Nb5+ 55. Kd3 Rb2 56. f6 Nd6 57. Bf4 Rxb3+ 58. Kc2 Rf3 59. Bxd6 Rxf6 60.
Be5 Rf2+ 61. Kd3 1-0

[Event "Reykjavik Open 2016"]
[Site "Reykjavik ISL"]
[Date "2016.03.09"]
[Round "3.29"]
[White "Darnell, Anton"]
[Black "Houska, Jovanka"]
[Result "0-1"]
[BlackTitle "IM"]
[WhiteElo "2110"]
[BlackElo "2387"]
[WhiteFideId "1720244"]
[BlackFideId "405094"]
[EventDate "2016.03.08"]

1. e4 c6 2. d4 d5 3. Nc3 dxe4 4. Nxe4 Bf5 5. Ng3 Bg6 6. h4 h6 7. Nf3 Nf6 8. h5
Bh7 9. Bd3 Bxd3 10. Qxd3 e6 11. Bf4 Qa5+ 12. Bd2 Bb4 13. c3 Be7 14. c4 Qc7 15.
O-O-O Nbd7 16. Kb1 O-O 17. Ne4 b5 18. Nxf6+ Nxf6 19. Rc1 Qb7 20. g4 bxc4 21. Qe2
c5 22. Rxc4 cxd4 23. Rhc1 Nd5 24. Nxd4 Bf6 25. Nb3 a5 26. Ra4 Nb6 27. Qe4 Qxe4+
28. Rxe4 a4 29. Nc5 a3 30. Bc3 Be7 31. Bd4 axb2 32. Bxb2 Rfb8 33. Be5 Bxc5 34.
Bxb8 Rxb8 35. Kc2 Bxf2 36. Rb1 Rc8+ 37. Kd3 Ra8 38. Ra1 Ra3+ 39. Kc2 Bc5 40. Kb2
e5 41. Rd1 Na4+ 0-1

[Event "Reykjavik Open 2016"]
[Site "Reykjavik ISL"]
[Date "2016.03.09"]
[Round "3.30"]
[White "Tania, Sachdev"]
[Black "O'Gorman, Tom"]
[Result "1-0"]
[WhiteTitle "IM"]
[WhiteElo "2370"]
[BlackElo "2067"]
[WhiteFideId "5007844"]
[BlackFideId "2508249"]
[EventDate "2016.03.08"]

1. d4 Nf6 2. c4 g6 3. Nc3 Bg7 4. e4 d6 5. f3 O-O 6. Nge2 Nc6 7. Be3 a6 8. Qd2
Na5 9. Ng3 Nd7 10. Rd1 h5 11. Bh6 e6 12. Bxg7 Kxg7 13. Be2 c5 14. O-O h4 15. Nh1
Nc6 16. dxc5 dxc5 17. Nf2 Nd4 18. f4 Nb8 19. Ng4 b6 20. f5 Nxe2+ 21. Qxe2 Qg5
22. fxg6 Qxg6 23. Rf6 Qg5 24. e5 Nc6 25. Ne4 Qh5 26. Rh6 Qf5 27. Nd6 Qf4 28. Qc2
Qxh6 29. Nxh6 Kxh6 30. Qe4 Ne7 31. Qxh4+ Kg7 32. Qxe7 1-0

[Event "Reykjavik Open 2016"]
[Site "Reykjavik ISL"]
[Date "2016.03.09"]
[Round "3.31"]
[White "Bottema, Martin"]
[Black "Kavutskiy, Konstantin"]
[Result "1/2-1/2"]
[BlackTitle "FM"]
[WhiteElo "2091"]
[BlackElo "2369"]
[WhiteFideId "1011006"]
[BlackFideId "2026384"]
[EventDate "2016.03.08"]

1. e4 c5 2. Nf3 e6 3. d4 cxd4 4. Nxd4 Nc6 5. Nc3 Qc7 6. g3 a6 7. Bg2 Nf6 8. O-O
h5 9. h3 Bc5 10. Nxc6 bxc6 11. Qd3 a5 12. Na4 Be7 13. Re1 d6 14. c4 Nd7 15. c5
dxc5 16. Bf4 e5 17. Be3 O-O 18. Qc2 Rb8 19. b3 Rd8 20. Rac1 h4 21. g4 Nf8 22.
Nxc5 Ng6 23. Red1 Nf4 24. Rxd8+ Bxd8 25. Nd3 Bd7 26. Nxf4 exf4 27. Bd4 f3 28.
Bxf3 Qf4 29. Kg2 Bc7 30. Rh1 Rb5 31. Be3 Qe5 32. Qd2 Be6 33. Qd4 a4 34. Qxe5
Bxe5 35. bxa4 Ra5 36. Rc1 Rxa4 37. Rxc6 Rxa2 38. Rb6 1/2-1/2

[Event "Reykjavik Open 2016"]
[Site "Reykjavik ISL"]
[Date "2016.03.09"]
[Round "3.32"]
[White "Segerberg, Tomas"]
[Black "Vojinovic, Jovana"]
[Result "0-1"]
[BlackTitle "WGM"]
[WhiteElo "2070"]
[BlackElo "2366"]
[WhiteFideId "1712969"]
[BlackFideId "937266"]
[EventDate "2016.03.08"]

1. c4 f5 2. Nc3 Nf6 3. d4 e6 4. f3 Bb4 5. Bd2 O-O 6. a3 Bxc3 7. Bxc3 d6 8. e3
Qe7 9. Bd3 e5 10. Qe2 e4 11. Bc2 exf3 12. gxf3 Re8 13. Bd2 Nc6 14. Qd3 f4 15. e4
Nh5 16. O-O-O Rf8 17. Ne2 Bh3 18. Nc3 Nd8 19. Rde1 Ne6 20. Nd1 Ng5 21. Rhg1 g6
22. Nf2 Be6 23. Bc3 Nh3 24. Nxh3 Bxh3 25. Bb3 Ng7 26. Re2 Rad8 27. Rge1 Kh8 28.
d5 Kg8 29. e5 Qh4 30. exd6 cxd6 31. Re7 Rf7 32. Rxf7 Kxf7 33. Qd4 Nh5 34. Qxa7
Rd7 35. c5 Re7 36. Rxe7+ Qxe7 37. cxd6 Qe3+ 38. Qxe3 fxe3 39. Ba5 Nf4 40. Bc4
Ke8 41. Bb6 e2 42. Kd2 Kd7 43. Bc5 g5 44. a4 Kc8 45. a5 Bf1 46. a6 bxa6 47.
Bxa6+ Kd8 48. Bf2 e1=Q+ 49. Bxe1 Bxa6 50. h4 gxh4 51. Bxh4+ Kd7 52. Bg3 Nxd5 53.
Ke1 Ne3 54. b3 Nf5 55. Bf4 Nxd6 56. Kf2 Nf5 57. Bd2 Nd4 58. b4 Bb7 59. f4 Ke6
60. Kg3 Kf5 61. Kh3 Ne2 62. b5 Nxf4+ 63. Kh4 Ne6 64. Kh5 Ke5 65. Kh6 Be4 0-1

[Event "Reykjavik Open 2016"]
[Site "Reykjavik ISL"]
[Date "2016.03.09"]
[Round "3.33"]
[White "Jackson, James P"]
[Black "Hoogland, Mike"]
[Result "0-1"]
[WhiteTitle "FM"]
[WhiteElo "2347"]
[BlackElo "2087"]
[WhiteFideId "416860"]
[BlackFideId "1025350"]
[EventDate "2016.03.08"]

1. d4 d5 2. c4 e6 3. Nc3 Be7 4. cxd5 exd5 5. Bf4 Nf6 6. e3 O-O 7. Nf3 c5 8. dxc5
Bxc5 9. Be2 Nc6 10. O-O h6 11. Rc1 Be7 12. Nd4 Qb6 13. Na4 Qd8 14. Nxc6 bxc6 15.
Rxc6 Bd7 16. Rc1 Rc8 17. Rxc8 Qxc8 18. Be5 Be6 19. Bd4 Qc7 20. Nc3 Ne4 21. Bf3
Bd6 22. g3 Re8 23. Nb5 Qd7 24. Nxd6 Qxd6 25. Bg2 Qd7 26. Qe2 Bh3 27. Rc1 Bxg2
28. Kxg2 Ng5 29. h4 Qh3+ 30. Kg1 Ne4 31. Qf3 Nd2 32. Qe2 Ne4 33. Qh5 Ng5 34. Qd1
Ne4 35. Qf1 Qf5 36. Kg2 g5 37. f3 Nd2 38. Qf2 Nc4 39. hxg5 Qxg5 40. Re1 a6 41.
Qe2 Nd6 42. f4 Qg6 43. Qxa6 Qe4+ 44. Kh2 Nf5 45. Rf1 Qc2+ 46. Kh3 Nxd4 47. exd4
Re2 48. Kg4 Rh2 49. f5 Qg2 50. Rf3 Qd2 51. Rf1 h5+ 52. Kf3 Qg2+ 53. Kf4 Qe4+ 54.
Kg5 Qe3+ 55. Rf4 Qxg3+ 56. Kf6 Qxf4 57. Qc8+ Kh7 58. Kxf7 Rg2 59. Qe6 Rg7+ 0-1

[Event "Reykjavik Open 2016"]
[Site "Reykjavik ISL"]
[Date "2016.03.09"]
[Round "3.34"]
[White "Grandelius, Nils"]
[Black "Birkisson, Bardur Orn"]
[Result "1-0"]
[WhiteTitle "GM"]
[WhiteElo "2646"]
[BlackElo "2017"]
[WhiteFideId "1710400"]
[BlackFideId "2310597"]
[EventDate "2016.03.08"]

1. e4 c5 2. Nf3 d6 3. Bb5+ Bd7 4. Bxd7+ Qxd7 5. c4 Nf6 6. Nc3 g6 7. d4 cxd4 8.
Nxd4 Bg7 9. b3 Nc6 10. Bb2 O-O 11. O-O a6 12. Re1 Rac8 13. Nxc6 bxc6 14. Na4 Qc7
15. e5 Nd7 16. exd6 exd6 17. Bxg7 Kxg7 18. Re7 Rfe8 19. Qd4+ Kg8 20. Rae1 Rxe7
21. Rxe7 Qd8 22. Qxd6 Nc5 23. Qxd8+ Rxd8 24. Nc3 Ne6 25. h4 Rd2 26. Ra7 Rc2 27.
Ne4 Rxa2 28. Nd6 f5 29. h5 gxh5 30. Nxf5 Nc5 31. b4 Nd3 32. b5 cxb5 33. cxb5
Nxf2 34. Nh6+ Kh8 35. b6 Rb2 36. b7 Ne4 37. Nf5 Rb1+ 38. Kh2 1-0

[Event "Reykjavik Open 2016"]
[Site "Reykjavik ISL"]
[Date "2016.03.09"]
[Round "3.35"]
[White "Harringer, Manfred"]
[Black "Dvirnyy, Danyyil"]
[Result "0-1"]
[BlackTitle "GM"]
[WhiteElo "2016"]
[BlackElo "2572"]
[WhiteFideId "12958336"]
[BlackFideId "817570"]
[EventDate "2016.03.08"]

1. e4 d6 2. d4 Nf6 3. Nc3 e5 4. dxe5 dxe5 5. Qxd8+ Kxd8 6. Nf3 Bd6 7. Bg5 h6 8.
Bxf6+ gxf6 9. O-O-O Be6 10. Nd5 Nd7 11. Nh4 Kc8 12. f3 Bc5 13. a3 c6 14. Nb4 Kc7
15. Nf5 a5 16. Nd3 Bf8 17. Nf2 b5 18. Ng4 h5 19. Nge3 Nb6 20. Be2 Bc5 21. Kb1
Ra7 22. c3 b4 23. cxb4 axb4 24. axb4 Bxb4 25. Kc2 Ra5 26. Ra1 Rd8 27. Rad1 Rc5+
28. Kb1 Ra8 29. Nc2 Ba2+ 0-1

[Event "Reykjavik Open 2016"]
[Site "Reykjavik ISL"]
[Date "2016.03.09"]
[Round "3.36"]
[White "Lehner, Oliver"]
[Black "Mages, Steffen"]
[Result "1-0"]
[WhiteTitle "IM"]
[WhiteElo "2418"]
[BlackElo "2037"]
[WhiteFideId "1602560"]
[BlackFideId "24662208"]
[EventDate "2016.03.08"]

1. e4 c5 2. Nf3 d6 3. d4 cxd4 4. Nxd4 Nf6 5. Nc3 a6 6. Bg5 Nbd7 7. Qe2 e6 8. f4
Be7 9. O-O-O Qa5 10. Kb1 h6 11. Bh4 g5 12. Nb3 Qd8 13. fxg5 hxg5 14. Bxg5 Nh5
15. Bxe7 Qxe7 16. Qe3 Ne5 17. Be2 b5 18. Qd4 Bb7 19. Na5 Rb8 20. Rhf1 Ba8 21. a3
Nf6 22. h3 Rg8 23. Bf3 Nfd7 24. Qxd6 b4 25. axb4 Rxb4 26. Qxa6 Nb6 27. Nb5 Qc5
28. Nd6+ Kf8 29. Nb3 Rxb3 30. cxb3 Nxf3 31. gxf3 Rg2 32. Qd3 Bc6 33. Rd2 Rg1 34.
Rxg1 Qxg1+ 35. Rd1 Qf2 36. Qc3 Bd7 37. Qf6 Kg8 38. Qxf7+ Kh8 39. Qg6 1-0